[Event "SVK-chT2D 2223"]
[Site "Slovakia"]
[Date "2022.11.27"]
[Round "6.4"]
[White "Spinler, Dalibor"]
[Black "Veselovsky, Jan"]
[Result "0-1"]
[WhiteElo "1635"]
[BlackElo "2078"]
[PlyCount "46"]
[EventDate "2022.10.08"]
[EventType "team-tourn"]
[EventRounds "11"]
[EventCountry "SVK"]
[SourceTitle "EXT 2024"]
[Source "ChessBase"]
[SourceDate "2023.10.10"]
[SourceVersion "1"]
[SourceVersionDate "2023.10.10"]
[SourceQuality "1"]
[WhiteTeam "Sabinov"]
[BlackTeam "Bardejov BSK"]
[WhiteTeamCountry "SVK"]
[BlackTeamCountry "SVK"]

1. d4 d5 2. Nf3 Nf6 3. Bf4 c6 4. e3 Qb6 5. b3 Bg4 6. Be2 Nbd7 7. 0-0 Ne4 8. c3 e6 9. h3 Bh5 10. g4 Bg6 11. h4 h5 12. g5 Bd6 13. Ne5 Bxe5 14. dxe5 f6 15. Bd3 fxe5 16. Bg3 0-0-0 17. b4 Nxg3 18. Bxg6 Nxf1 19. Kxf1 Rdf8 20. Kg2 e4 21. Bxh5 Ne5 22. Bg4 Nd3 23. Bxe6+ Kb8 0-1

[Event "SVK-chT2D 2122"]
[Site "Slovakia"]
[Date "2022.03.26"]
[Round "8.4"]
[White "Zrost, Rudolf"]
[Black "Veselovsky, Jan"]
[Result "0-1"]
[WhiteElo "1984"]
[BlackElo "2116"]
[PlyCount "66"]
[EventDate "2021.10.16"]
[EventType "team-tourn"]
[EventRounds "11"]
[EventCountry "SVK"]
[SourceTitle "EXT 2023"]
[Source "ChessBase"]
[SourceDate "2022.10.05"]
[SourceVersion "1"]
[SourceVersionDate "2022.10.05"]
[SourceQuality "1"]
[WhiteTeam "Spisska Nova Ves"]
[BlackTeam "Stropkov/Svidnik"]
[WhiteTeamCountry "SVK"]
[BlackTeamCountry "SVK"]

1. d4 d5 2. Nf3 Nf6 3. c4 c6 4. Nc3 e6 5. Bg5 Nbd7 6. e3 Be7 7. Rc1 0-0 8. Bd3 a6 9. 0-0 dxc4 10. Bxc4 b5 11. Bb3 c5 12. Qe2 Bb7 13. Rfd1 Qb6 14. Bc2 Rfe8 15. h3 Rac8 16. Bb1 Ba8 17. dxc5 Nxc5 18. Ne5 b4 19. Bxf6 Bxf6 20. Bxh7+ Kf8 21. Nxf7 Kxf7 22. Qh5+ Ke7 23. Ne2 Nd7 24. Nf4 Ne5 25. Bg6 Rxc1 26. Rxc1 Rd8 27. Bc2 Qc6 28. Rd1 Rxd1+ 29. Bxd1 Qc1 30. Kh2 Qd2 31. Ba4 Bc6 32. Bb3 Qxf2 33. Bxe6 Nf3+ 0-1

[Event "SVK-chT2D 1920"]
[Site "Slovakia"]
[Date "2020.02.15"]
[Round "8.3"]
[White "Veselovsky, Jan"]
[Black "Ackerman, Ernest"]
[Result "1/2-1/2"]
[WhiteElo "2101"]
[BlackElo "2028"]
[PlyCount "85"]
[EventDate "2019.10.26"]
[EventType "team-tourn"]
[EventRounds "11"]
[EventCountry "SVK"]
[SourceTitle "CBM 195 Extra"]
[Source "ChessBase"]
[SourceDate "2020.05.31"]
[SourceVersion "1"]
[SourceVersionDate "2020.05.31"]
[SourceQuality "1"]
[WhiteTeam "Bardejov BSK II"]
[BlackTeam "Moldava nad Bodvou"]
[WhiteTeamCountry "SVK"]
[BlackTeamCountry "SVK"]

1. e4 c5 2. Nf3 d6 3. d4 cxd4 4. Nxd4 Nf6 5. Nc3 a6 6. Bc4 e6 7. Be3 Be7 8. Bb3 0-0 9. Qe2 b5 10. f3 Bd7 11. a4 b4 12. Na2 e5 13. Nf5 Bxf5 14. exf5 d5 15. Bg5 Nc6 16. 0-0 Qd6 17. Rfe1 Rfe8 18. Kh1 Nd7 19. Be3 Na5 20. Rad1 Nxb3 21. cxb3 Rac8 22. Nc1 d4 23. Bf2 f6 24. f4 Rc6 25. Nd3 Bf8 26. fxe5 fxe5 27. Bg3 Qd5 28. Qe4 Qxe4 29. Rxe4 Bd6 30. Bh4 Nc5 31. Nxc5 Rxc5 32. Re2 Kf7 33. Kg1 Rec8 34. g4 Rc2 35. Kf1 Rxe2 36. Kxe2 Rc2+ 37. Rd2 Rc1 38. Kd3 Rg1 39. Bg3 Rc1 40. Ke4 Rc5 41. Kd3 Ke7 42. Re2 Kd7 43. Ke4 1/2-1/2

[Event "SVK-chT1E 1920"]
[Site "Slovakia"]
[Date "2019.12.08"]
[Round "6.4"]
[White "Lasanda, Michal"]
[Black "Veselovsky, Jan"]
[Result "1/2-1/2"]
[WhiteElo "2085"]
[BlackElo "2112"]
[PlyCount "116"]
[EventDate "2019.10.12"]
[EventType "team-tourn"]
[EventRounds "11"]
[EventCountry "SVK"]
[SourceTitle "CBM 194 Extra"]
[Source "ChessBase"]
[SourceDate "2020.03.31"]
[SourceVersion "1"]
[SourceVersionDate "2020.03.31"]
[SourceQuality "1"]
[WhiteTeam "Michalovce Zemplin"]
[BlackTeam "Bardejov"]
[WhiteTeamCountry "SVK"]
[BlackTeamCountry "SVK"]

1. e4 c5 2. Nc3 Nc6 3. g3 e6 4. Bg2 Nf6 5. d3 Be7 6. f4 d5 7. e5 Nd7 8. Nf3 b5 9. 0-0 Qb6 10. Kh1 0-0 11. g4 b4 12. Ne2 f6 13. exf6 Nxf6 14. h3 Bd6 15. Qe1 Qc7 16. Qh4 g6 17. Bd2 Bd7 18. c3 bxc3 19. bxc3 Rab8 20. Rab1 Rxb1 21. Rxb1 Nd8 22. Qe1 c4 23. d4 Ne4 24. Ne5 Ba4 25. Be3 Bc2 26. Ra1 Bd3 27. Ng3 Nxg3+ 28. Qxg3 Qa5 29. Qe1 Bxe5 30. dxe5 Nb7 31. Qd2 Nc5 32. Kh2 Na4 33. Bd4 Rb8 34. f5 Qd8 35. f6 Qf8 36. Qf4 Rb2 37. Kg3 Kf7 38. Bxd5 exd5 39. e6+ Kxe6 40. Qe5+ Kd7 41. Qxd5+ Qd6+ 42. Qxd6+ Kxd6 43. Bxa7 Rb1 44. Rxb1 Bxb1 45. Bd4 Bxa2 46. Kf4 h6 47. h4 Ke6 48. g5 h5 49. Ke3 Nb2 50. Bb6 Nd3 51. Bc7 Nc5 52. Kd4 Nd7 53. Bg3 Bb3 54. Bc7 Kf5 55. Bg3 Kg4 56. Be1 Kf5 57. Bg3 Nf8 58. Kd5 Ba2 1/2-1/2

[Event "SVK-chT1E 1920"]
[Site "Slovakia"]
[Date "2019.10.12"]
[Round "1.4"]
[White "Veselovsky, Jan"]
[Black "Tauber, Marek"]
[Result "1/2-1/2"]
[WhiteElo "2098"]
[BlackElo "2089"]
[PlyCount "46"]
[EventDate "2019.10.12"]
[EventType "team-tourn"]
[EventRounds "11"]
[EventCountry "SVK"]
[SourceTitle "CBM 193 Extra"]
[Source "ChessBase"]
[SourceDate "2020.01.31"]
[SourceVersion "1"]
[SourceVersionDate "2020.01.31"]
[SourceQuality "1"]
[WhiteTeam "Bardejov"]
[BlackTeam "Kosice Slavia TU II"]
[WhiteTeamCountry "SVK"]
[BlackTeamCountry "SVK"]

1. e4 d5 2. exd5 Nf6 3. d4 Nxd5 4. Nf3 Bg4 5. Be2 e6 6. 0-0 Be7 7. h3 Bh5 8. c4 Nb6 9. Qb3 Nc6 10. Be3 0-0 11. c5 Nd5 12. Nc3 Rb8 13. Rac1 Bf6 14. Ne4 Bxf3 15. Nxf6+ Nxf6 16. Bxf3 Nxd4 17. Bxd4 Qxd4 18. Rfd1 Qe5 19. Qa3 a6 20. c6 bxc6 21. b3 Rb6 22. Rxc6 Rxc6 23. Bxc6 Qe2 1/2-1/2

[Event "SVK-chT1E 1819"]
[Site "Slovakia"]
[Date "2019.02.23"]
[Round "8.4"]
[White "Veselovsky, Jan"]
[Black "Teglas, Balazs"]
[Result "0-1"]
[WhiteElo "2081"]
[BlackElo "2179"]
[PlyCount "104"]
[EventDate "2018.10.27"]
[EventType "team-tourn"]
[EventRounds "11"]
[EventCountry "SVK"]
[SourceTitle "CBM 189 Extra"]
[Source "ChessBase"]
[SourceDate "2019.06.03"]
[SourceVersion "1"]
[SourceVersionDate "2019.06.03"]
[SourceQuality "1"]
[WhiteTeam "Bardejov"]
[BlackTeam "Cebovce"]
[WhiteTeamCountry "SVK"]
[BlackTeamCountry "SVK"]

1. e4 c5 2. Nf3 e6 3. d4 cxd4 4. Nxd4 Nc6 5. Nc3 Qc7 6. Be3 a6 7. g3 h5 8. h3 h4 9. g4 Nxd4 10. Qxd4 Bd6 11. Bg2 Ne7 12. 0-0 Ng6 13. Rad1 Be5 14. Qd2 Nf4 15. Ne2 Nxg2 16. Kxg2 b5 17. c3 Bb7 18. f3 d5 19. exd5 Bxd5 20. b3 Rd8 21. Qe1 Rd7 22. Qf2 Qb7 23. Kg1 Bf6 24. f4 Be7 25. Nd4 Rc7 26. Rc1 Ba3 27. Rc2 Be4 28. f5 e5 29. Nf3 Bxc2 30. Qxc2 Bc5 31. Qf2 Bxe3 32. Qxe3 f6 33. Re1 Qa7 34. Nd4 Re7 35. Ne6 Qxe3+ 36. Rxe3 Rxe6 37. fxe6 Ke7 38. Kf2 Kxe6 39. Kf3 g6 40. c4 bxc4 41. bxc4 Rc8 42. Ra3 Rc6 43. Ke3 f5 44. gxf5+ gxf5 45. Kd3 f4 46. Rb3 Kf5 47. Rb8 Rd6+ 48. Kc3 Ke4 49. c5 Rd1 50. Rh8 f3 51. Rxh4+ Ke3 52. Rh5 e4 0-1

[Event "SVK-chT1E 1819"]
[Site "Slovakia"]
[Date "2019.02.02"]
[Round "7.6"]
[White "Silon, Miroslav"]
[Black "Veselovsky, Jan"]
[Result "1/2-1/2"]
[WhiteElo "1750"]
[BlackElo "2059"]
[PlyCount "132"]
[EventDate "2018.10.27"]
[EventType "team-tourn"]
[EventRounds "11"]
[EventCountry "SVK"]
[SourceTitle "CBM 188 Extra"]
[Source "ChessBase"]
[SourceDate "2019.02.26"]
[SourceVersion "1"]
[SourceVersionDate "2019.02.26"]
[SourceQuality "1"]
[WhiteTeam "Kezmarok"]
[BlackTeam "Bardejov"]
[WhiteTeamCountry "SVK"]
[BlackTeamCountry "SVK"]

1. Nc3 d5 2. e4 c6 3. d4 dxe4 4. Nxe4 Nd7 5. Nf3 Ngf6 6. Ng3 e6 7. Be3 Bd6 8. Bd3 Qc7 9. Nd2 0-0 10. Nc4 Be7 11. Qf3 Nd5 12. Qe4 N7f6 13. Qe5 Qd8 14. Bd2 b6 15. 0-0 Bb7 16. Nh5 g6 17. Nxf6+ Bxf6 18. Qe4 Qc7 19. c3 c5 20. dxc5 bxc5 21. Qe2 Nf4 22. Bxf4 Qxf4 23. Rfe1 Rab8 24. Rab1 Rfd8 25. Qe3 Qg4 26. f3 Bxf3 27. Qxf3 Qxf3 28. gxf3 Rxd3 29. Kg2 Rbd8 30. Rf1 R8d5 31. h3 Rf5 32. Rbd1 Rxd1 33. Rxd1 Rd5 34. Rc1 Kf8 35. Kf2 Ke7 36. Ke2 Bg5 37. Rg1 Bf4 38. Rg4 g5 39. Rg1 f5 40. h4 Kf6 41. hxg5+ Bxg5 42. a3 Rd7 43. Rf1 Bf4 44. Rg1 Rg7 45. Rd1 h5 46. Rh1 Rg2+ 47. Kf1 Rh2 48. Rg1 Kf7 49. Rg2 Rxg2 50. Kxg2 Kf6 51. b4 cxb4 52. cxb4 Ke7 53. Kh3 Bg5 54. b5 Kd7 55. a4 Bf6 56. a5 Kc7 57. a6 e5 58. Kg2 e4 59. fxe4 fxe4 60. Kg3 Bg5 61. b6+ axb6 62. Nd6 Kb8 63. Nxe4 Be7 64. Nc3 Bg5 65. Nb5 Bf6 66. Kh3 Bg5 1/2-1/2

[Event "SVK-chT2D 1819"]
[Site "Slovakia"]
[Date "2018.12.15"]
[Round "5.4"]
[White "Korfanta, Karol"]
[Black "Veselovsky, Jan"]
[Result "1/2-1/2"]
[WhiteElo "1932"]
[BlackElo "2098"]
[PlyCount "54"]
[EventDate "2018.10.13"]
[EventType "team-tourn"]
[EventRounds "11"]
[EventCountry "SVK"]
[SourceTitle "CBM 189 Extra"]
[Source "ChessBase"]
[SourceDate "2019.06.03"]
[SourceVersion "1"]
[SourceVersionDate "2019.06.03"]
[SourceQuality "1"]
[WhiteTeam "Margecany"]
[BlackTeam "Bardejov BSK II"]
[WhiteTeamCountry "SVK"]
[BlackTeamCountry "SVK"]

1. c4 c6 2. Nc3 d5 3. cxd5 cxd5 4. d4 Nf6 5. Nf3 Nc6 6. Bf4 Bf5 7. e3 e6 8. Bd3 Bxd3 9. Qxd3 Bd6 10. Bxd6 Qxd6 11. 0-0 0-0 12. Rac1 Rfc8 13. a3 h6 14. h3 a6 15. b4 b5 16. Nd2 Nd7 17. Nb3 Nb6 18. Nc5 Nc4 19. Ra1 Rcb8 20. Rfb1 a5 21. Na2 e5 22. bxa5 exd4 23. exd4 Rxa5 24. Nb4 Nxb4 25. axb4 Rxa1 26. Rxa1 Re8 27. g3 g6 1/2-1/2

[Event "SVK-chT2D 1718"]
[Site "Slovakia"]
[Date "2018.03.18"]
[Round "11.4"]
[White "Veselovsky, Jan"]
[Black "Harvan, Martin"]
[Result "1/2-1/2"]
[WhiteElo "2087"]
[BlackElo "2070"]
[PlyCount "40"]
[EventDate "2017.10.28"]
[EventType "team-tourn"]
[EventRounds "11"]
[EventCountry "SVK"]
[SourceTitle "EXT 2020"]
[Source "ChessBase"]
[SourceDate "2019.10.17"]
[SourceVersion "1"]
[SourceVersionDate "2019.10.17"]
[SourceQuality "1"]
[WhiteTeam "Bardejov II"]
[BlackTeam "Humenne Reinter"]
[WhiteTeamCountry "SVK"]
[BlackTeamCountry "SVK"]

1. e4 c6 2. d4 d5 3. Nc3 dxe4 4. Nxe4 Bf5 5. Ng3 Bg6 6. h4 h6 7. Nf3 Nd7 8. h5 Bh7 9. Bd3 Bxd3 10. Qxd3 e6 11. Bf4 Ngf6 12. 0-0-0 Nd5 13. Bd2 Qb6 14. c4 Qa6 15. Kb1 Be7 16. Ne4 0-0-0 17. Qc2 N5f6 18. Nxf6 Bxf6 19. Be3 Nb6 20. b3 Qa5 1/2-1/2

[Event "SVK-chT2D 1718"]
[Site "Slovakia"]
[Date "2018.01.13"]
[Round "5.5"]
[White "Veselovsky, Jan"]
[Black "Belus, Benjamin"]
[Result "1-0"]
[WhiteElo "2052"]
[BlackElo "1900"]
[PlyCount "59"]
[EventDate "2017.10.28"]
[EventType "team-tourn"]
[EventRounds "11"]
[EventCountry "SVK"]
[SourceTitle "EXT 2019"]
[Source "ChessBase"]
[SourceDate "2018.10.10"]
[SourceVersion "1"]
[SourceVersionDate "2018.10.10"]
[SourceQuality "1"]
[WhiteTeam "Bardejov II"]
[BlackTeam "Gelnica Slovan"]
[WhiteTeamCountry "SVK"]
[BlackTeamCountry "SVK"]

1. e4 c5 2. Nf3 d6 3. d4 cxd4 4. Nxd4 Nf6 5. Nc3 a6 6. Bc4 e6 7. Be3 Nc6 8. Qe2 Bd7 9. f4 Rc8 10. Bb3 Be7 11. 0-0 Na5 12. e5 Nxb3 13. axb3 Nd5 14. Nxd5 exd5 15. exd6 Bxd6 16. f5 0-0 17. f6 Re8 18. Qd3 Qc7 19. h3 Re4 20. Rf3 Rce8 21. fxg7 Bc5 22. c3 Qe5 23. Bf2 Qe7 24. Rf1 Bb6 25. Qd2 Qe5 26. Rxf7 Bc7 27. Bg3 Qxg3 28. Rf8+ Kxg7 29. R1f7+ Kg6 30. Rf6+ 1-0

[Event "SVK-chT1E 1718"]
[Site "Slovakia"]
[Date "2017.11.04"]
[Round "3.6"]
[White "Zvarikova, Alexandra"]
[Black "Veselovsky, Jan"]
[Result "1/2-1/2"]
[WhiteElo "2025"]
[BlackElo "2055"]
[PlyCount "66"]
[EventDate "2017.10.21"]
[EventType "team-tourn"]
[EventRounds "11"]
[EventCountry "SVK"]
[SourceTitle "CBM 181 Extra"]
[Source "ChessBase"]
[SourceDate "2017.12.12"]
[SourceVersion "1"]
[SourceVersionDate "2017.12.12"]
[SourceQuality "1"]
[WhiteTeam "Zilina Mladost"]
[BlackTeam "Bardejov"]
[WhiteTeamCountry "SVK"]
[BlackTeamCountry "SVK"]

1. e4 c6 2. d4 d5 3. Nc3 dxe4 4. Nxe4 Nd7 5. Bc4 Ngf6 6. Ng5 e6 7. Ne2 Bd6 8. 0-0 Qc7 9. Ng3 h6 10. Nf3 b5 11. Bb3 Bb7 12. c4 bxc4 13. Bxc4 0-0 14. Bd2 c5 15. Rc1 Qb8 16. Bc3 Nd5 17. dxc5 Bxc5 18. Bd4 Bd6 19. Nh5 g6 20. Bb5 Rd8 21. Ng3 e5 22. Bxd7 Rxd7 23. Bc5 Bc7 24. Qa4 Nf6 25. Qb3 Ba6 26. Rfe1 Qxb3 27. axb3 Re8 28. b4 Bb8 29. Rcd1 Rxd1 30. Rxd1 Bb5 31. Nd2 Kg7 32. Nge4 Nxe4 33. Nxe4 f5 1/2-1/2

[Event "SVK-chT1E 1617"]
[Site "Slovakia"]
[Date "2017.02.25"]
[Round "8.6"]
[White "Veselovsky, Jan"]
[Black "Balala, Anton"]
[Result "1-0"]
[WhiteElo "2068"]
[BlackElo "1809"]
[PlyCount "53"]
[EventDate "2016.10.15"]
[EventType "team-tourn"]
[EventRounds "11"]
[EventCountry "SVK"]
[SourceTitle "EXT 2018"]
[Source "ChessBase"]
[SourceDate "2017.10.13"]
[SourceVersion "1"]
[SourceVersionDate "2017.10.13"]
[SourceQuality "1"]
[WhiteTeam "Bardejov"]
[BlackTeam "Liptovska Stiavnica"]
[WhiteTeamCountry "SVK"]
[BlackTeamCountry "SVK"]

1. e4 c5 2. Nf3 Nc6 3. Nc3 a6 4. d4 cxd4 5. Nxd4 e6 6. Be3 Nf6 7. Bd3 Be7 8. 0-0 b5 9. f4 Bb7 10. e5 Nxd4 11. Bxd4 Nd5 12. Ne4 0-0 13. Qh5 g6 14. Qh6 f6 15. Kh1 f5 16. Nd6 Bxd6 17. exd6 Nf6 18. c4 bxc4 19. Bxc4 Qc8 20. Rac1 Qc6 21. Bxe6+ dxe6 22. Rxc6 Bxc6 23. Rc1 Rac8 24. Rc3 Rf7 25. Qh4 Ne4 26. Qe1 Nxc3 27. Qe5 1-0

[Event "SVK-chT1E 1617"]
[Site "Slovakia"]
[Date "2017.01.22"]
[Round "7.6"]
[White "Michel, Norbert"]
[Black "Veselovsky, Jan"]
[Result "1-0"]
[WhiteElo "2033"]
[BlackElo "2068"]
[PlyCount "63"]
[EventDate "2016.10.15"]
[EventType "team-tourn"]
[EventRounds "11"]
[EventCountry "SVK"]
[SourceTitle "EXT 2018"]
[Source "ChessBase"]
[SourceDate "2017.10.13"]
[SourceVersion "1"]
[SourceVersionDate "2017.10.13"]
[SourceQuality "1"]
[WhiteTeam "Kosice Slavia TU"]
[BlackTeam "Bardejov"]
[WhiteTeamCountry "SVK"]
[BlackTeamCountry "SVK"]

1. e4 c5 2. Nf3 e6 3. d4 cxd4 4. Nxd4 Nf6 5. Nc3 Nc6 6. Ndb5 d6 7. Bf4 e5 8. Nd5 Nxd5 9. exd5 exf4 10. dxc6 bxc6 11. Qf3 Bd7 12. Qe4+ Be7 13. Nxd6+ Kf8 14. 0-0-0 Qc7 15. Nb5 Qc8 16. Nd4 c5 17. Nf3 Rb8 18. Qxf4 Bf6 19. b3 Be6 20. Ng5 Bxg5 21. Qxg5 Qc7 22. Qh4 h6 23. Bc4 g5 24. Qe4 Rb4 25. a3 Rb6 26. Kb2 a5 27. h4 Bxc4 28. Qxc4 Qe5+ 29. Ka2 Kg7 30. hxg5 hxg5 31. Rxh8 Kxh8 32. Qxf7 1-0